000 00822nam a22002177a 4500
999 _c8058
_d8058
003 AR-CdUCM
008 190322b ||||| |||| 00| 0 spa d
040 _aMUNICIPALIDAD PROVINCIAL DEL CUSCO
_cBIBLIOTECA MUNICIPAL DEL CUSCO
082 _a530.078 /
_bC82
100 _aCorrea Cuba, Odilon
_922768
245 _aFísica experimental con equipos Vernier /
260 _aMadre de Dios :
_bGráfica impresiones,
_c2012.
300 _a136 páginas ;
_bIlustraciones,
_c29 cm.
505 _aIntroducción --Experimentos de laboratorio -- Experimentos realizados en el laboratorio -- Magnitud, constantes y conversiones físicas ...
650 _aFísica
_92382
650 _aExperimentos
_92381
650 _aLaboratorios de física
_922769
700 _aRomero Mejía, Ramón
_922770
942 _2ddc
_cLIBROS
945 _aacv